| 000 | 01005nas a2200313 a 4500 | ||
|---|---|---|---|
| 999 |
_c4463 _d4463 |
||
| 001 | 011121953 | ||
| 003 | ALUPE UNIVERSITY | ||
| 005 | 20220630130744.0 | ||
| 008 | 500101c19799999 u p 0 u0eng d | ||
| 020 | _a0815151578 | ||
| 022 | _a0162-0908 | ||
| 040 | _cALUPE UNIVERSITY | ||
| 050 |
_aRC1200 _b.Y43 1983 |
||
| 092 | _aD0502037178 | ||
| 092 | _a11121953 | ||
| 245 | 0 | 0 |
_aYear book of sports medicine. _cEdited by James L. Anderson et al. |
| 260 |
_aChicago : _bYear Book Medical Publishers, _cc1983. |
||
| 300 |
_a394p. : _bill.; _c24 cm |
||
| 504 | _aIncludes index. | ||
| 650 | 0 |
_aSports medicine _xAbstracts _xPeriodicals |
|
| 650 | 0 |
_aSports _xPhysiological aspects _xAbstracts _xPeriodicals. |
|
| 650 | 0 |
_aSports medicine _xAbstracts |
|
| 700 | _a Anderson, James Lee, | ||
| 942 |
_2lcc _cBK _nCM |
||